Диаграммы состояния тройных металлических систем 1910-1969 гг.: библиографический справочник

التفاصيل البيبلوغرافية
مؤلف مشترك: Академия наук СССР (АН СССР) Институт металлургии им. А. А. Байкова (ИМЕТ)
مؤلفون آخرون: Корнилов И. И. (составитель), Пряхина Л. С. (редактор), Полякова Р. С., Ожимкова О. В., Мясникова К. П., Громова В. Г., Агеев Н. В.
اللغة:الروسية
منشور في: Москва, Наука, 1972
الموضوعات:
التنسيق: كتاب
KOHA link:https://koha.lib.tpu.ru/cgi-bin/koha/opac-detail.pl?biblionumber=103040

MARC

LEADER 00000nam0a2200000 4500
001 103040
005 20231031113214.0
035 |a (RuTPU)RU\TPU\book\111097 
090 |a 103040 
100 |a 20061011d1972 km y0rusy50 ca 
101 0 |a rus 
102 |a RU 
105 |a y a 001zy 
200 1 |a Диаграммы состояния тройных металлических систем 1910-1969 гг.  |e библиографический справочник  |f Академия наук СССР, Институт металлургии имени А. А. Байкова; сост. И. И. Корнилов, Л. С. Пряхина, Р. С. Полякова,О. В. Ожимкова, К. П. Мясникова, В. Г. Громова; под ред. Н. В. Агеева 
210 |a Москва  |c Наука  |d 1972 
215 |a 190 с. 
320 |a Предм. указ.: с. 160 - 171 
610 1 |a библиографические указатели 
610 1 |a диаграммы состояний 
610 1 |a тройные металлические системы 
610 1 |a исследования 
675 |a 669.017.13(01)  |v 3 
686 |a Я19:66  |v LBC/SL-A  |2 rubbk 
702 1 |a Корнилов  |b И. И.  |4 220 
702 1 |a Пряхина  |b Л. С.  |4 220 
702 1 |a Полякова  |b Р. С.  |4 220 
702 1 |a Ожимкова  |b О. В.  |4 220 
702 1 |a Мясникова  |b К. П.  |4 220 
702 1 |a Громова  |b В. Г.  |4 220 
702 1 |a Агеев  |b Н. В.  |4 340 
712 0 2 |a Академия наук СССР (АН СССР)  |b Институт металлургии им. А. А. Байкова (ИМЕТ)  |c (Москва)  |2 stltpush  |3 (RuTPU)RU\TPU\col\312 
801 1 |a RU  |b 63413507  |c 20061011  |g PSBO 
801 2 |a RU  |b 63413507  |c 20111020  |g PSBO 
942 |c BK